000 01924cam a2200361 a 4500
001 15969180
005 20170105102855.0
008 091102s2010 enka b 001 0 eng
010 _a 2009046194
020 _a9780230217829 (pbk.)
020 _a0230217826 (pbk.)
035 _a(OCoLC)ocn317926945
040 _aDLC
_cDLC
_dBTCTA
_dYDXCP
_dC#P
_dBWX
_dCDX
_dVP@
_dDLC
050 0 0 _aHV6025
_b.L35 2010
082 0 0 _a364
_222
100 1 _aLawson, Tony,
_d1950-
245 1 0 _aCrime and deviance /
_cTony Lawson and Tim Heaton.
250 _a2nd ed.
260 _aBasingstoke ;
_aNew York :
_bPalgrave Macmillan,
_c2010.
300 _aviii, 344 p. :
_bill. ;
_c24 cm.
490 1 _aSkills-based sociology
504 _aIncludes bibliographical references (p. 299-333) and index.
505 0 _aIntroducing the sociology of crime and deviance -- Crime statistics -- Sociocultural explanations of crime and deviance -- Interactionist explanations of crime and deviance -- Conflict explanations of crime and deviance -- Realist explanations of crime and deviance -- Crime, deviance and ethnicity -- Crime, deviance and gender -- Criminal justice and the victims of crime.
520 _aFrom surveillance to terrorism and green crime to state crime, this exciting new edition offers an updated survey of key areas in the sociology of crime and deviance. Analysis of recent studies and accessible theory is combined with a variety of activities to provide an invaluable introduction to this popular topic for all students of sociology --Provided by publisher.
650 0 _aCrime
_xSociological aspects.
650 0 _aCriminology.
650 0 _aDeviant behavior.
700 1 _aHeaton, Tim,
_d1965-
830 0 _aSkills-based sociology.
906 _a7
_bcbc
_corignew
_d1
_eecip
_f20
_gy-gencatlg
942 _2ddc
_cBK
999 _c14461
_d14461